Cuentos para el corazón : (Registro nro. 14411)

Detalles MARC
000 -LEADER
fixed length control field 01022nam a2200277 i 4500
003 - CONTROL NUMBER IDENTIFIER
control field DO-SdBNP
005 - DATE AND TIME OF LATEST TRANSACTION
control field 20230710104156.0
007 - PHYSICAL DESCRIPTION FIXED FIELD--GENERAL INFORMATION
fixed length control field ta
008 - FIXED-LENGTH DATA ELEMENTS--GENERAL INFORMATION
fixed length control field 230516b2022 dr a|||| |||| 00| 0 spa d
020 ## - INTERNATIONAL STANDARD BOOK NUMBER
International Standard Book Number 9789945587272
040 ## - CATALOGING SOURCE
Original cataloging agency DO-SdBNP
Language of cataloging spa
Transcribing agency BPMSU
Description conventions
082 #4 - DEWEY DECIMAL CLASSIFICATION NUMBER
Classification number RD863.4408
Item number B742c 2022
Edition number 22
245 00 - TITLE STATEMENT
Title Cuentos para el corazón :
Remainder of title relatos infantiles de Juan Bosch /
Statement of responsibility, etc. Juan Bosch ; compilación Farah Hallal ; coordinador Jordy Rosario Correa
260 ## - PUBLICATION, DISTRIBUTION, ETC. (IMPRINT)
Place of publication, distribution, etc. Santo Domingo :
Name of publisher, distributor, etc. Fundación Juan Bosch,
Date of publication, distribution, etc. 2022.
300 ## - PHYSICAL DESCRIPTION
Extent 107 p :
Other physical details ils ;
Dimensions 23 cm.
490 0# - SERIES STATEMENT
Series statement Bosch vive
590 ## - LOCAL NOTE (RLIN)
Local note Inventariado, 2023/VM
600 14 - SUBJECT ADDED ENTRY--PERSONAL NAME
Personal name Bosch, Juan
Dates associated with a name 1909-2021
General subdivision crítica e interpretación
650 #4 - SUBJECT ADDED ENTRY--TOPICAL TERM
Topical term or geographic name as entry element Cuentos infantiles
General subdivision Crítica e interpretación.
650 #4 - SUBJECT ADDED ENTRY--TOPICAL TERM
Topical term or geographic name as entry element Literatura infantil
General subdivision Crítica e interpretación.
700 1# - ADDED ENTRY--PERSONAL NAME
Personal name Hallal, Farah,
Relator term comp.
700 1# - ADDED ENTRY--PERSONAL NAME
Personal name Then, Itzel
Relator term ils.
710 2# - ADDED ENTRY--CORPORATE NAME
Corporate name or jurisdiction name as entry element Fundación Juan Bosch (República Dominicana)
910 ## - USER-OPTION DATA (OCLC)
User-option data VMateo V. Control de calidad (BPMSU)
942 ## - ADDED ENTRY ELEMENTS (KOHA)
Source of classification or shelving scheme Dewey Decimal Classification
Koha item type Libros
Existencias
Withdrawn status Lost status Source of classification or shelving scheme Damaged status Not for loan Collection code Home library Current library Date acquired Total Checkouts Full call number Barcode Date last seen Price effective from Koha item type
    Dewey Decimal Classification     Colección Infantil Dominicana Biblioteca Pública Metropolitana Salomé Ureña Biblioteca Pública Metropolitana Salomé Ureña 07/10/2023   BPMSU CDI RD863.4408 B742c 2022 BPMSU23070021 07/10/2023 07/10/2023 Libros